000 00824cam a2200265 a 4500
001 3922248
005 20180309075335.0
008 920408s1992 mnu 001 0 eng
010 _a 92011000
020 _a0314008039 (v. 1)
020 _a0314008047 (v. 2)
020 _a0314008055 (v. 3)
020 _a0314010297 (v. 4)
040 _aDLC
_cDLC
_dDLC
041 _aeng
043 _an-us---
080 _a342.73029 NOW
082 0 0 _a342.73029 NOW
_a347.30229
_220
100 1 _a14
101 _aSHJ
245 1 0 _aTreatise on constitutional law :
_cby Ronald D. Rotunda, John E. Nowak.
906 _a7
_bcbc
_corignew
_d1
_eocip
_f19
_gy-gencatlg
942 _2ddc
_cBK
999 _c44601
_d44601